000 00397nam a2200145Ia 4500
005 20250306235858.0
008 240331s9999 xx 000 0 und d
082 _bUNN
_25440
_a894.811
245 0 _aUnnatham
260 _bAalaththur Anchal Kavunthappadi
_c1994
300 _a60 p.,
500 _aA collection of short stories, poems and essays.
700 _aGouthamasitharththan
_eedt
942 _cL
999 _c4219
_d4219